[Event "Abe Yanofsky mem"]
[Site "Winnipeg CAN"]
[Date "2006.09.03"]
[Round "5"]
[White "Khedkar, Jay"]
[Black "Oberton, Daniel"]
[Result "0-1"]
[WhiteElo "1822"]
[BlackElo "1816"]
[PlyCount "98"]
[EventDate "2006.09.03"]
[EventType "swiss"]
[EventRounds "6"]
[EventCountry "CAN"]

1. e4 c5 2. Nf3 d6 3. d4 cxd4 4. Nxd4 Nf6 5. Nc3 g6 6. Be3 Bg7 7. f3 Nc6 8. Bc4
O-O 9. Qd2 Bd7 10. O-O-O Rc8 11. Bb3 Ne5 12. Bh6 Bxh6 13. Qxh6 Rxc3 14. bxc3 a5
15. a4 b5 16. axb5 a4 17. Ba2 Qa5 18. Qd2 Bxb5 19. Nxb5 Qxb5 20. Qd4 Rc8 21.
Kd2 Nc4+ 22. Bxc4 Rxc4 23. Qd3 Qc5 24. Rhf1 Nd7 25. f4 Nf6 26. Rde1 Qc6 27. e5
Ne4+ 28. Rxe4 Qxe4 29. exd6 exd6 30. Qxe4 Rxe4 31. Kd3 d5 32. g3 a3 33. Ra1 Ra4
34. Kd2 Kg7 35. Kc1 Kf6 36. Kb1 Kf5 37. Ka2 Kg4 38. Kb3 Ra7 39. Rxa3 Rxa3+ 40.
Kxa3 Kh3 41. Kb4 Kxh2 42. g4 Kg3 43. Kc5 Kxg4 44. Kxd5 h5 45. c4 h4 46. c5 h3
47. c6 h2 48. c7 h1=Q+ 49. Kd6 Qd1+ 0-1

[Event "Abe Yanofsky mem"]
[Site "Winnipeg CAN"]
[Date "2006.09.03"]
[Round "5"]
[White "Klokow, John"]
[Black "Melamedoff, Gustavo"]
[Result "1-0"]
[WhiteElo "1741"]
[BlackElo "1975"]
[PlyCount "35"]
[EventDate "2006.09.03"]
[EventType "swiss"]
[EventRounds "6"]
[EventCountry "CAN"]

1. e4 c5 2. Nf3 d6 3. d4 cxd4 4. Nxd4 Nf6 5. Nc3 a6 6. Bc4 e6 7. Bb3 b5 8. O-O
Bb7 9. Bg5 Nbd7 10. f4 Qb6 11. Kh1 Nxe4 12. Nxe4 Bxe4 13. a4 Nc5 14. axb5 axb5
15. Ba2 Na4 16. f5 Nxb2 17. Qe2 Qxd4 18. Qxb5+ 1-0

[Event "Abe Yanofsky mem"]
[Site "Winnipeg CAN"]
[Date "2006.09.03"]
[Round "5"]
[White "Kwiatek, Jordan"]
[Black "Kaptsan, Aron"]
[Result "1-0"]
[WhiteElo "1811"]
[BlackElo "1947"]
[PlyCount "61"]
[EventDate "2006.09.03"]
[EventType "swiss"]
[EventRounds "6"]
[EventCountry "CAN"]

1. e4 e5 2. d4 exd4 3. Qxd4 Nc6 4. Qe3 d6 5. Nc3 Nf6 6. Bd2 Be7 7. O-O-O O-O 8.
h3 Re8 9. g4 Bf8 10. g5 Nd7 11. Qg3 Nc5 12. Nf3 Nxe4 13. Nxe4 Rxe4 14. Bd3 Re8
15. h4 Be6 16. h5 Qd7 17. g6 Bf5 18. gxf7+ Qxf7 19. Ng5 Qd7 20. Bc4+ d5 21. Bc3
Ne7 22. h6 Qc6 23. hxg7 Bxg7 24. Ne6 Bg6 25. Nxg7 Qxc4 26. Nxe8 Rxe8 27. Qe5
Nf5 28. Qh8+ Kf7 29. Qf6+ Kg8 30. Qh8+ Kf7 31. Rxh7+ 1-0

[Event "Abe Yanofsky mem"]
[Site "Winnipeg CAN"]
[Date "2006.09.03"]
[Round "5"]
[White "Nikouline, Alexandre"]
[Black "Rutter, Blair"]
[Result "1-0"]
[WhiteElo "2021"]
[BlackElo "1803"]
[PlyCount "77"]
[EventDate "2006.09.03"]
[EventType "swiss"]
[EventRounds "6"]
[EventCountry "CAN"]

1. e4 e6 2. d4 d5 3. Nc3 Nf6 4. Bg5 Be7 5. e5 Nfd7 6. Bxe7 Qxe7 7. f4 f6 8. Nf3
a6 9. Qd2 c5 10. dxc5 Qxc5 11. Nd4 Nb6 12. exf6 gxf6 13. O-O-O Nc6 14. Nb3 Qe7
15. Qe3 Nc4 16. Bxc4 dxc4 17. Nc5 O-O 18. N3a4 e5 19. Nb6 Bf5 20. Nxa8 Nb4 21.
Rd2 Rxa8 22. Rhd1 Nxa2+ 23. Kb1 Nb4 24. Qg3+ Kh8 25. Rd7 Qf8 26. Nxb7 Bxc2+ 27.
Kc1 exf4 28. Qh4 Bg6 29. R1d6 Nd3+ 30. Kd2 Ne5 31. Rd8 c3+ 32. bxc3 Nc4+ 33.
Kc1 Rxd8 34. Rxd8 Be8 35. Nc5 Qe7 36. Rxe8+ Qxe8 37. Qxf6+ Kg8 38. Ne6 Qf7 39.
Qd8+ 1-0

[Event "Abe Yanofsky mem"]
[Site "Winnipeg CAN"]
[Date "2006.09.03"]
[Round "5"]
[White "Perron, Sean"]
[Black "Lipnowski, Samuel"]
[Result "0-1"]
[WhiteElo "2166"]
[BlackElo "2190"]
[PlyCount "58"]
[EventDate "2006.09.03"]
[EventType "swiss"]
[EventRounds "6"]
[EventCountry "CAN"]

1. d4 d5 2. c4 dxc4 3. Nc3 a6 4. a4 Nc6 5. Nf3 Bg4 6. e3 Na5 7. Be2 Bxf3 8.
Bxf3 Nf6 9. O-O e6 10. e4 Nb3 11. Rb1 Nxd4 12. e5 Nxf3+ 13. Qxf3 Nd5 14. Rd1 c6
15. Bf4 Qa5 16. Ne4 Nxf4 17. Qxf4 Be7 18. Nd6+ Bxd6 19. exd6 O-O 20. d7 b5 21.
Qd6 Qb6 22. a5 Qxa5 23. Ra1 Qb6 24. Rxa6 Qxa6 25. d8=Q Raxd8 26. Qxd8 Qa8 27.
Qb6 h6 28. h3 Qa4 29. Rd6 Qa1+ 0-1

[Event "Abe Yanofsky mem"]
[Site "Winnipeg CAN"]
[Date "2006.09.03"]
[Round "5"]
[White "Remillard, John"]
[Black "Nguyen, Huy"]
[Result "0-1"]
[WhiteElo "1599"]
[BlackElo "1759"]
[PlyCount "90"]
[EventDate "2006.09.03"]
[EventType "swiss"]
[EventRounds "6"]
[EventCountry "CAN"]

1. c4 c5 2. g3 e6 3. Bg2 Nc6 4. Nf3 Nf6 5. O-O g6 6. d4 cxd4 7. Nxd4 Bg7 8.
Nxc6 bxc6 9. Bg5 d5 10. Nc3 O-O 11. cxd5 cxd5 12. Qd2 Rb8 13. Rab1 a5 14. Rfd1
Qb6 15. Bf4 Ra8 16. Na4 Qb5 17. Nc3 Qb6 18. e4 dxe4 19. Nxe4 Bb7 20. Nxf6+ Bxf6
21. Bxb7 Qxb7 22. Qe2 Rfd8 23. Be5 Bxe5 24. Qxe5 a4 25. Rxd8+ Rxd8 26. h4 h5
27. b4 axb3 28. axb3 Rd5 29. Qc3 Rf5 30. b4 g5 31. hxg5 Rxg5 32. b5 Rxb5 33.
Rxb5 Qxb5 34. Qc8+ Kh7 35. Qc2+ Kh6 36. Qd2+ Kg6 37. Qf4 Qe2 38. Kg2 e5 39. Qb4
e4 40. Qd6+ f6 41. Qe6 Qf3+ 42. Kg1 Qf5 43. Qg8+ Kh6 44. Qh8+ Kg5 45. Qg7+ Qg6
0-1

[Event "Abe Yanofsky mem"]
[Site "Winnipeg CAN"]
[Date "2006.09.03"]
[Round "5"]
[White "Silva, T Romeo"]
[Black "Booth, Kevin"]
[Result "1-0"]
[WhiteElo "1772"]
[BlackElo "1606"]
[PlyCount "77"]
[EventDate "2006.09.03"]
[EventType "swiss"]
[EventRounds "6"]
[EventCountry "CAN"]

1. Nf3 d5 2. d4 Nf6 3. Bg5 Bg4 4. e3 e6 5. Be2 Be7 6. O-O O-O 7. c4 c6 8. Nc3
Nbd7 9. b3 Qa5 10. Bxf6 Nxf6 11. Qc2 Bf5 12. Bd3 Bxd3 13. Qxd3 Bb4 14. Ne2 Qc7
15. c5 b6 16. a3 bxc5 17. axb4 cxb4 18. Ra6 Qb7 19. Rfa1 Ne4 20. h3 c5 21. R6a5
Rfc8 22. Rb5 Qc6 23. Ne5 c4 24. bxc4 dxc4 25. Nxc6 cxd3 26. Rxb4 dxe2 27. Ne7+
Kf8 28. Nxc8 Rxc8 29. f3 Nc3 30. Kf2 Rc7 31. Ra5 Nd5 32. Rb8+ Ke7 33. Kxe2 Rc2+
34. Kd3 Rxg2 35. Rxa7+ Kd6 36. Rxf7 Rg3 37. e4 Ne7 38. Rd8+ Kc7 39. Re8 1-0

[Event "Abe Yanofsky mem"]
[Site "Winnipeg CAN"]
[Date "2006.09.03"]
[Round "5"]
[White "Towns, Barry"]
[Black "Poustie, Harold"]
[Result "1-0"]
[WhiteElo "1766"]
[BlackElo "1430"]
[PlyCount "119"]
[EventDate "2006.09.03"]
[EventType "swiss"]
[EventRounds "6"]
[EventCountry "CAN"]

1. b4 d6 2. Bb2 e5 3. f4 exf4 4. Nf3 d5 5. e3 Bxb4 6. c3 Bd6 7. Be2 Bg4 8. O-O
Bxf3 9. Bxf3 fxe3 10. Bxd5 Nh6 11. Qh5 O-O 12. dxe3 Nd7 13. c4 c6 14. Be4 Qc7
15. Bxg7 Bxh2+ 16. Kh1 Nc5 17. Bxh6 Qe5 18. Rf5 Nxe4 19. Qg4+ Kh8 20. Bxf8 Ng3+
21. Kxh2 Nxf5+ 22. Qf4 Qxa1 23. Bb4 Qg7 24. Qxf5 Re8 25. Bc3 f6 26. Bxf6 Kg8
27. Bxg7 Kxg7 28. Qd7+ Kf8 29. Qxh7 Re6 30. Qxb7 Rxe3 31. Qxc6 Re7 32. Qf6+ Rf7
33. Qxf7+ Kxf7 34. g4 a5 35. c5 a4 36. c6 a3 37. c7 Kg6 38. c8=B Kg5 39. Nxa3
Kh4 40. Kg2 Kg5 41. Kf3 Kg6 42. Nc4 Kg5 43. Bf5 Kh6 44. Kf4 Kg7 45. Ke5 Kh6 46.
Be6 Kg5 47. Ne3 Kg6 48. Ng2 Kg5 49. Bf5 Kh6 50. Nf4 Kg7 51. Nh5+ Kh6 52. a4 Kg5
53. a5 Kh6 54. Ng7 Kxg7 55. Bh7 Kxh7 56. a6 Kh6 57. g5+ Kxg5 58. Ke6 Kh6 59.
Kf6 Kh5 60. a7 1-0

[Event "Abe Yanofsky mem"]
[Site "Winnipeg CAN"]
[Date "2006.09.03"]
[Round "5"]
[White "Trueman, Francis"]
[Black "Clark, Jeff"]
[Result "0-1"]
[WhiteElo "1447"]
[BlackElo "1790"]
[PlyCount "68"]
[EventDate "2006.09.03"]
[EventType "swiss"]
[EventRounds "6"]
[EventCountry "CAN"]

1. Nf3 d5 2. d3 c5 3. g3 Nf6 4. Nbd2 Nc6 5. Bg2 e5 6. e4 d4 7. c4 dxc3 8. bxc3
Qxd3 9. Qb3 Be7 10. Bf1 Qd8 11. Ng5 O-O 12. Bc4 Qe8 13. Bxf7+ Rxf7 14. Nxf7
Qxf7 15. Qc2 Bh3 16. Nf3 h6 17. Rg1 Kh8 18. Rb1 b6 19. Qa4 Rc8 20. Bd2 c4 21.
Qc2 Rf8 22. Nh4 Nd7 23. Nf5 Bxf5 24. exf5 Qxf5 25. Qxf5 Rxf5 26. Rb5 Nc5 27.
Ke2 Nd3 28. f4 Bc5 29. Rf1 Ne7 30. g4 Nxf4+ 31. Kd1 Rf6 32. Re1 Nd3 33. Re2 Nd5
34. Kc2 Rf2 0-1

[Event "Abe Yanofsky mem"]
[Site "Winnipeg CAN"]
[Date "2006.09.03"]
[Round "5"]
[White "Vincent, Trevor"]
[Black "Greenberg, Harley"]
[Result "1-0"]
[WhiteElo "2070"]
[BlackElo "1751"]
[PlyCount "69"]
[EventDate "2006.09.03"]
[EventType "swiss"]
[EventRounds "6"]
[EventCountry "CAN"]

1. c4 Nf6 2. g3 e6 3. Bg2 c5 4. Nf3 d5 5. cxd5 exd5 6. d4 Nc6 7. O-O cxd4 8.
Nxd4 Bc5 9. Nxc6 bxc6 10. Qc2 Qb6 11. Nc3 Be7 12. Be3 Qb8 13. Bf4 Bd6 14. Nxd5
cxd5 15. Qc6+ Bd7 16. Qxd6 Qxd6 17. Bxd6 Ne4 18. Be5 f6 19. Bd4 Bb5 20. Rfc1
Kd7 21. Rc2 Rhc8 22. Bh3+ Kd8 23. Rxc8+ Rxc8 24. Bxc8 Kxc8 25. f3 Ng5 26. Kf2
Kb7 27. Rc1 Ne6 28. Ke3 Nxd4 29. Kxd4 Bxe2 30. Re1 Bxf3 31. Re7+ Kb6 32. Rxg7
Be4 33. Rf7 f5 34. Rxh7 f4 35. Rh6+ 1-0

[Event "Abe Yanofsky mem"]
[Site "Winnipeg CAN"]
[Date "2006.09.03"]
[Round "5"]
[White "Wiebe, Daniel"]
[Black "Knight, Eugene"]
[Result "1-0"]
[WhiteElo "1392"]
[BlackElo "1599"]
[PlyCount "35"]
[EventDate "2006.09.03"]
[EventType "swiss"]
[EventRounds "6"]
[EventCountry "CAN"]

1. e4 c5 2. Nf3 a6 3. d4 cxd4 4. Nxd4 e6 5. Nc3 Qc7 6. Be3 Be7 7. Qd2 Nf6 8.
Bd3 O-O 9. a3 Bd6 10. O-O-O Bxh2 11. g3 Ng4 12. Nf3 Nxe3 13. Qxe3 Bxg3 14. fxg3
Qxg3 15. Rdg1 Qc7 16. Rxg7+ Kxg7 17. Qg5+ Kh8 18. Qh6 1-0

[Event "Abe Yanofsky mem"]
[Site "Winnipeg CAN"]
[Date "2006.09.03"]
[Round "5"]
[White "Zhou, Lu"]
[Black "Zaczek, Jonathan"]
[Result "0-1"]
[WhiteElo "1786"]
[BlackElo "2077"]
[PlyCount "56"]
[EventDate "2006.09.03"]
[EventType "swiss"]
[EventRounds "6"]
[EventCountry "CAN"]

1. e4 c5 2. Nf3 d6 3. d4 cxd4 4. Nxd4 Nf6 5. Nc3 a6 6. Bg5 e6 7. Be2 Be7 8. O-O
Qc7 9. Kh1 Nbd7 10. f4 b5 11. Bd3 Bb7 12. a3 Nc5 13. Qe2 h6 14. Bh4 Nfxe4 15.
Nxe4 Bxh4 16. Nxc5 Qxc5 17. c3 Bf6 18. Nb3 Qb6 19. Rad1 O-O 20. f5 d5 21. fxe6
fxe6 22. Qg4 e5 23. Bf5 Rad8 24. Rd3 e4 25. Rh3 Be5 26. Nd4 Bxd4 27. cxd4 Bc8
28. Rg3 Qxd4 0-1

[Event "Abuse Your Illusions"]
[Site "North Vancouver CAN"]
[Date "2006.04.05"]
[Round "1"]
[White "Ivankovic, Goran"]
[Black "Moura, Eduardo"]
[Result "1/2-1/2"]
[WhiteElo "1957"]
[BlackElo "2105"]
[PlyCount "40"]
[EventDate "2006.04.05"]
[EventType "tourn"]
[EventRounds "5"]
[EventCountry "CAN"]

1. c4 Nf6 2. Nf3 c5 3. Nc3 b6 4. e4 d6 5. Be2 Bb7 6. d3 g6 7. O-O Bg7 8. Bf4
O-O 9. Qd2 Nbd7 10. Bh6 a6 11. a4 e5 12. h4 Nh5 13. Bg5 Qe8 14. Nh2 Nf4 15.
Bxf4 exf4 16. Qxf4 Qe7 17. h5 Rae8 18. Ng4 Kh8 19. Ne3 Be5 20. Qg4 Nf6 1/2-1/2

[Event "Abuse Your Illusions"]
[Site "North Vancouver CAN"]
[Date "2006.04.05"]
[Round "1"]
[White "Sladek, Vaclav"]
[Black "Chan, James"]
[Result "1/2-1/2"]
[WhiteElo "2043"]
[BlackElo "2010"]
[PlyCount "46"]
[EventDate "2006.04.05"]
[EventType "tourn"]
[EventRounds "5"]
[EventCountry "CAN"]

1. d4 d5 2. c4 c6 3. Nf3 Nf6 4. e3 e6 5. cxd5 exd5 6. Bd3 Bd6 7. Nc3 Bg4 8. h3
Bh5 9. Qc2 Bg6 10. Bd2 Nbd7 11. O-O O-O 12. Rab1 Re8 13. b4 Ne4 14. b5 Ndf6 15.
bxc6 bxc6 16. Rb3 c5 17. Rb5 a6 18. Rb7 c4 19. Bxe4 Nxe4 20. Qa4 Nxc3 21. Bxc3
Re7 22. Rxe7 Bxe7 23. Ne5 Bf5 1/2-1/2

[Event "Abuse Your Illusions"]
[Site "North Vancouver CAN"]
[Date "2006.04.05"]
[Round "1"]
[White "Trochtchanovitch, Pavel"]
[Black "Milner, Arik"]
[Result "1-0"]
[WhiteElo "1673"]
[BlackElo "1814"]
[PlyCount "87"]
[EventDate "2006.04.05"]
[EventType "tourn"]
[EventRounds "5"]
[EventCountry "CAN"]

1. e4 c6 2. d4 d5 3. Nc3 dxe4 4. Nxe4 Bf5 5. Ng3 Bg6 6. Nf3 Nd7 7. Bc4 Qc7 8.
O-O e6 9. Re1 O-O-O 10. c3 Bd6 11. b4 Ngf6 12. Bg5 Bxg3 13. fxg3 Nb6 14. Qb3
Nxc4 15. Qxc4 h6 16. Bf4 Qb6 17. a4 Be4 18. Ne5 Rhf8 19. b5 g5 20. Be3 Bd5 21.
Qb4 Nd7 22. Bf2 Nxe5 23. dxe5 Qc7 24. c4 Kb8 25. Bc5 Rfe8 26. Bd6 Rxd6 27. exd6
Qb6+ 28. Kh1 c5 29. Qc3 Bxc4 30. Qxc4 Qxd6 31. Rad1 Qe7 32. Re3 b6 33. Red3 Qf6
34. Qe4 Rc8 35. Rd7 Rc7 36. Rd8+ Rc8 37. Rxc8+ Kxc8 38. Qa8+ Kc7 39. Qxa7+ Kc8
40. Qa8+ Kc7 41. Qc6+ Kb8 42. Qxb6+ Kc8 43. Qxc5+ Kb8 44. b6 1-0

[Event "Abuse Your Illusions"]
[Site "North Vancouver CAN"]
[Date "2006.04.12"]
[Round "2"]
[White "Chan, James"]
[Black "Milner, Arik"]
[Result "1-0"]
[WhiteElo "2010"]
[BlackElo "1814"]
[PlyCount "117"]
[EventDate "2006.04.05"]
[EventType "tourn"]
[EventRounds "5"]
[EventCountry "CAN"]

1. e4 c6 2. d4 d5 3. e5 Bf5 4. Nc3 Qb6 5. Nf3 e6 6. Be2 Nd7 7. O-O Rc8 8. b3 c5
9. Na4 Qc7 10. dxc5 Bxc5 11. Nxc5 Qxc5 12. c4 Ne7 13. Bb2 O-O 14. Rc1 Nb6 15.
Bd4 Qc7 16. c5 Nd7 17. Bb5 a6 18. Bxd7 Qxd7 19. Nh4 h6 20. Re1 Bh7 21. Re3 Nf5
22. Nxf5 Bxf5 23. Rg3 Kh8 24. Qd2 Kh7 25. Be3 Qc7 26. h4 Rg8 27. Qd4 Qd8 28.
Qf4 Qf8 29. b4 Bg6 30. Bd4 Rc7 31. a4 Qe8 32. Ra3 Qe7 33. Rh3 Bf5 34. Rg3 Qe8
35. Ra1 Qe7 36. b5 Ra8 37. b6 Rc6 38. Raa3 Rg8 39. h5 Qf8 40. Rgc3 Kh8 41. g4
g5 42. Qg3 Be4 43. Kh2 Qg7 44. Qe3 Rcc8 45. Qe2 Rc6 46. Ra1 Bh7 47. Rf3 Rf8 48.
Rf6 Be4 49. Rg1 Bh7 50. Qd2 Rcc8 51. Be3 Rcd8 52. Qd4 Rd7 53. f4 Be4 54. fxg5
hxg5 55. Rgf1 Rg8 56. Qc3 Qh7 57. Bd4 Rg6 58. R6f2 Rg8 59. Kg3 1-0

[Event "Abuse Your Illusions"]
[Site "North Vancouver CAN"]
[Date "2006.04.12"]
[Round "2"]
[White "Moura, Eduardo"]
[Black "Sladek, Vaclav"]
[Result "1-0"]
[WhiteElo "2105"]
[BlackElo "2043"]
[PlyCount "75"]
[EventDate "2006.04.05"]
[EventType "tourn"]
[EventRounds "5"]
[EventCountry "CAN"]

1. e4 c5 2. c3 Nf6 3. e5 Nd5 4. d4 cxd4 5. Nf3 Nc6 6. cxd4 d6 7. exd6 e6 8. Nc3
Qxd6 9. Bd3 Be7 10. O-O Bd7 11. Re1 a6 12. a3 b5 13. Ne4 Qb8 14. Bg5 Qb6 15.
Bxe7 Ncxe7 16. Ne5 Nf6 17. Qf3 Ned5 18. Nxf6+ gxf6 19. Nxd7 Kxd7 20. Be4 Qd6
21. Bxd5 exd5 22. Qf5+ Kc7 23. Rac1+ Kb7 24. Rc5 Rhe8 25. Rec1 Rad8 26. h4 Re7
27. Qxh7 Qf4 28. Qc2 Rde8 29. g3 Rg8 30. Qc3 Rd7 31. b3 f5 32. a4 Rg6 33. axb5
a5 34. Rc6 Rg4 35. Rb6+ Kxb6 36. Qc6+ Ka7 37. Qa6+ Kb8 38. Rc8# 1-0

[Event "Abuse Your Illusions"]
[Site "North Vancouver CAN"]
[Date "2006.04.12"]
[Round "2"]
[White "Trochtchanovitch, Pavel"]
[Black "Ivankovic, Goran"]
[Result "1/2-1/2"]
[WhiteElo "1673"]
[BlackElo "1957"]
[PlyCount "83"]
[EventDate "2006.04.05"]
[EventType "tourn"]
[EventRounds "5"]
[EventCountry "CAN"]

1. e4 d6 2. d4 c6 3. Nf3 Nd7 4. c4 e5 5. d5 Ngf6 6. Nc3 Nc5 7. Bd3 Be7 8. h3
O-O 9. O-O Bd7 10. Be3 Nxd3 11. Qxd3 c5 12. Nh2 Nh5 13. Ne2 g5 14. g4 Nf4 15.
Nxf4 gxf4 16. Bd2 Kh8 17. Kh1 Rg8 18. Rg1 Bh4 19. Rg2 Rg6 20. Rag1 Qe7 21. Nf3
Rag8 22. Rh2 a6 23. Nxh4 Qxh4 24. f3 b5 25. b3 bxc4 26. bxc4 Rb8 27. Rb1 Rgg8
28. Be1 Qd8 29. Rhb2 Rxb2 30. Rxb2 h5 31. Qb3 hxg4 32. hxg4 Kg7 33. Rh2 Rh8 34.
Qb2 Rxh2+ 35. Qxh2 Qb6 36. Qh4 Ba4 37. g5 Bd1 38. Kg2 Qb2+ 39. Bf2 Qc3 40. Qh6+
Kg8 41. Qh5 Kf8 42. Qh8+ 1/2-1/2

[Event "Abuse Your Illusions"]
[Site "North Vancouver CAN"]
[Date "2006.04.19"]
[Round "3"]
[White "Chan, James"]
[Black "Moura, Eduardo"]
[Result "1/2-1/2"]
[WhiteElo "2010"]
[BlackElo "2105"]
[PlyCount "44"]
[EventDate "2006.04.05"]
[EventType "tourn"]
[EventRounds "5"]
[EventCountry "CAN"]

1. e4 c5 2. Nf3 g6 3. d4 cxd4 4. Nxd4 Nc6 5. Nxc6 bxc6 6. Nc3 Bg7 7. Bd3 Nf6 8.
O-O O-O 9. f4 d5 10. e5 Ng4 11. Qe1 f6 12. h3 Nh6 13. exf6 exf6 14. Qf2 f5 15.
Ne2 Nf7 16. c4 Nd6 17. cxd5 cxd5 18. Rd1 Re8 19. Rb1 Qe7 20. Bd2 Nc4 21. Bc3
Bb7 22. Bd4 Bxd4 1/2-1/2

[Event "Abuse Your Illusions"]
[Site "North Vancouver CAN"]
[Date "2006.04.19"]
[Round "3"]
[White "Ivankovic, Goran"]
[Black "Milner, Arik"]
[Result "1-0"]
[WhiteElo "1957"]
[BlackElo "1814"]
[PlyCount "93"]
[EventDate "2006.04.05"]
[EventType "tourn"]
[EventRounds "5"]
[EventCountry "CAN"]

1. c4 c6 2. Nc3 d5 3. e3 Nf6 4. Nf3 e6 5. b3 Be7 6. Bb2 O-O 7. d4 Nbd7 8. Bd3
Nb6 9. O-O Qc7 10. Qc2 Rd8 11. e4 dxe4 12. Nxe4 Nxe4 13. Bxe4 h6 14. Rad1 Bd7
15. Ne5 Be8 16. f4 Nd7 17. Nd3 Nf6 18. Bf3 c5 19. dxc5 Bxc5+ 20. Nxc5 Qxc5+ 21.
Kh1 Bc6 22. Bxf6 gxf6 23. Bxc6 Qxc6 24. Qc3 Kg7 25. Rd3 Rxd3 26. Qxd3 Rg8 27.
Rd1 Kh8 28. Rd2 Rc8 29. Qd7 Qc7 30. Rd3 a6 31. Kg1 Kg7 32. Qd6 Qxd6 33. Rxd6
Rb8 34. c5 f5 35. Kf2 Kf6 36. Ke3 Ke7 37. Kd4 Rd8 38. Rxd8 Kxd8 39. b4 Kd7 40.
a3 f6 41. a4 Kc6 42. h3 h5 43. Kc4 h4 44. b5+ axb5+ 45. axb5+ Kc7 46. Kd4 Kd7
47. Ke3 1-0

[Event "Abuse Your Illusions"]
[Site "North Vancouver CAN"]
[Date "2006.04.19"]
[Round "3"]
[White "Sladek, Vaclav"]
[Black "Trochtchanovitch, Pavel"]
[Result "1-0"]
[WhiteElo "2043"]
[BlackElo "1678"]
[PlyCount "131"]
[EventDate "2006.04.05"]
[EventType "tourn"]
[EventRounds "5"]
[EventCountry "CAN"]

1. d4 d5 2. c4 e6 3. Nc3 Nf6 4. Nf3 Nbd7 5. Bf4 c6 6. e3 Bb4 7. Nd2 Nf8 8. Bd3
Ng6 9. Bg3 Bd6 10. Bxd6 Qxd6 11. c5 Qc7 12. f4 b6 13. b4 a5 14. a3 Ba6 15. Bxa6
Rxa6 16. O-O b5 17. Nb3 a4 18. Nd2 Ne7 19. Qe2 Ra8 20. Rae1 Kd7 21. Nf3 Ng6 22.
Qd3 Raf8 23. h3 Kc8 24. Ne5 Nxe5 25. fxe5 Nd7 26. e4 h5 27. exd5 exd5 28. Ne2
g5 29. Qf5 g4 30. h4 g3 31. Nf4 Qd8 32. Qh3 Rfg8 33. e6 fxe6 34. Nxe6 Qe7 35.
Ng5 Qg7 36. Rf4 Re8 37. Qxg3 Nf6 38. Ref1 Ng4 39. Nf3 Rhg8 40. Ng5 Re3 41. R1f3
Rxf3 42. Nxf3 Rf8 43. Ne5 Rxf4 44. Qxf4 Nxe5 45. dxe5 Qd7 46. Qf6 d4 47. e6 Qe8
48. e7 d3 49. Qe6+ Kc7 50. Qd6+ Kc8 51. Qe6+ Kc7 52. Kf2 d2 53. Ke2 d1=Q+ 54.
Kxd1 Qd7+ 55. Qd6+ Kc8 56. Kd2 Qe8 57. Ke3 Qd7 58. Qxd7+ Kxd7 59. Kf4 Kxe7 60.
Kg5 Ke6 61. Kxh5 Kd5 62. Kg6 Kc4 63. h5 Kb3 64. h6 Kxa3 65. h7 Kxb4 66. h8=Q
1-0

[Event "Abuse Your Illusions"]
[Site "North Vancouver CAN"]
[Date "2006.04.26"]
[Round "4"]
[White "Milner, Arik"]
[Black "Moura, Eduardo"]
[Result "0-1"]
[WhiteElo "1814"]
[BlackElo "2105"]
[PlyCount "34"]
[EventDate "2006.04.05"]
[EventType "tourn"]
[EventRounds "5"]
[EventCountry "CAN"]

1. e4 c5 2. Nf3 g6 3. d4 cxd4 4. Nxd4 Nc6 5. Be3 Bg7 6. Nc3 Nf6 7. f3 O-O 8.
Qd2 d5 9. Nxc6 bxc6 10. O-O-O Qa5 11. exd5 Rb8 12. Bc4 Nxd5 13. Bxd5 cxd5 14.
a3 Ba6 15. Rhe1 Rxb2 16. Nxd5 Qxa3 17. Nxe7+ Kh8 0-1

[Event "Abuse Your Illusions"]
[Site "North Vancouver CAN"]
[Date "2006.04.26"]
[Round "4"]
[White "Trochtchanovitch, Pavel"]
[Black "Chan, James"]
[Result "1-0"]
[WhiteElo "1673"]
[BlackElo "2010"]
[PlyCount "91"]
[EventDate "2006.04.05"]
[EventType "tourn"]
[EventRounds "5"]
[EventCountry "CAN"]

1. e4 e5 2. Nf3 Nc6 3. Bc4 Nf6 4. Ng5 d5 5. exd5 b5 6. Bf1 Nd4 7. c3 Nxd5 8.
Nxf7 Kxf7 9. cxd4 e4 10. Bxb5 Qg5 11. Bf1 Bd6 12. g3 Bg4 13. Be2 Bh3 14. Nc3
Nf6 15. d3 Qf5 16. Be3 Rab8 17. Qc2 exd3 18. Bxd3 Qa5 19. Bc4+ Ke7 20. O-O-O
Rhe8 21. Bd2 Qh5 22. Rhe1+ Kf8 23. Rxe8+ Rxe8 24. Nb5 Bf5 25. Bd3 Bg4 26. Re1
Rxe1+ 27. Bxe1 Qxh2 28. Nxd6 cxd6 29. Qc7 Ne8 30. Qxa7 Qh1 31. Qa5 Qf3 32. Qd2
Nf6 33. a4 Qc6+ 34. Qc2 Qb6 35. Qc4 Ke7 36. a5 Qa7 37. a6 Be6 38. Qb4 Bd5 39.
Bc3 Ne4 40. Bc4 Nxf2 41. Qb5 Bxc4 42. Qxc4 Qa8 43. d5 Kd7 44. Qb5+ Kc7 45. Ba5+
Kc8 46. Qe8# 1-0

[Event "Abuse Your Illusions"]
[Site "North Vancouver CAN"]
[Date "2006.05.03"]
[Round "5"]
[White "Chan, James"]
[Black "Ivankovic, Goran"]
[Result "1/2-1/2"]
[WhiteElo "2010"]
[BlackElo "1957"]
[PlyCount "77"]
[EventDate "2006.04.05"]
[EventType "tourn"]
[EventRounds "5"]
[EventCountry "CAN"]

1. e4 d6 2. d4 c6 3. Nc3 Nd7 4. Be3 Ngf6 5. Nf3 e5 6. h3 Be7 7. Qd2 Qc7 8. g4
exd4 9. Nxd4 Ne5 10. f4 Ned7 11. Nf5 g6 12. Nxe7 Kxe7 13. g5 Nh5 14. O-O-O Rd8
15. f5 Ne5 16. Qf2 b5 17. Be2 Qa5 18. fxg6 hxg6 19. Bxh5 gxh5 20. Qf6+ Ke8 21.
g6 Be6 22. Bg5 Nxg6 23. b3 b4 24. Nd5 cxd5 25. exd5 Bxd5 26. Rhe1+ Kd7 27. Qf5+
Kc6 28. Bxd8 Rxd8 29. Kb1 Ne5 30. Qf6 Re8 31. Rd4 Re6 32. Qh8 Nf3 33. Rxe6 fxe6
34. Rf4 Qc5 35. Rxf3 Bxf3 36. Qa8+ Kb6 37. Qxf3 Qf5 38. Qa8 Qxh3 39. Qb8+
1/2-1/2

[Event "Abuse Your Illusions"]
[Site "North Vancouver CAN"]
[Date "2006.05.03"]
[Round "5"]
[White "Moura, Eduardo"]
[Black "Trochtchanovitch, Pavel"]
[Result "1/2-1/2"]
[WhiteElo "2109"]
[BlackElo "1678"]
[PlyCount "45"]
[EventDate "2006.04.05"]
[EventType "tourn"]
[EventRounds "5"]
[EventCountry "CAN"]

1. e4 e5 2. Nf3 Nc6 3. Bb5 a6 4. Ba4 Nf6 5. d3 Bc5 6. c3 b5 7. Bb3 d5 8. Nbd2
Bg4 9. O-O d4 10. cxd4 Nxd4 11. Bxf7+ Kf8 12. Bb3 g6 13. h3 Bxf3 14. Nxf3 Nxf3+
15. Qxf3 Kg7 16. Be3 Bd4 17. Rac1 Bxb2 18. Rc6 Rf8 19. Qe2 Ba3 20. Qc2 Bd6 21.
d4 Qe7 22. f3 a5 23. a4 1/2-1/2

[Event "Abuse Your Illusions"]
[Site "North Vancouver CAN"]
[Date "2006.05.03"]
[Round "5"]
[White "Sladek, Vaclav"]
[Black "Milner, Arik"]
[Result "1-0"]
[WhiteElo "2043"]
[BlackElo "1814"]
[PlyCount "95"]
[EventDate "2006.04.05"]
[EventType "tourn"]
[EventRounds "5"]
[EventCountry "CAN"]

1. d4 c6 2. c4 d5 3. Nf3 Nf6 4. Nc3 e6 5. e3 Be7 6. Qc2 O-O 7. Bd3 dxc4 8. Bxc4
Nbd7 9. O-O Qc7 10. e4 e5 11. Be3 Bd6 12. h3 exd4 13. Bxd4 Ne5 14. Be2 Re8 15.
Rac1 Nxf3+ 16. Bxf3 Be5 17. Rfd1 Bxd4 18. Rxd4 Qf4 19. Qd2 Qxd2 20. Rxd2 Be6
21. Rcd1 Kf8 22. b4 Rac8 23. b5 Ng8 24. e5 Ne7 25. Ne4 Rc7 26. Nd6 Nd5 27. Nxe8
Kxe8 28. bxc6 bxc6 29. Bxd5 Bxd5 30. f4 Rb7 31. Kf2 Rb4 32. Rd4 Rb6 33. R1d2 a6
34. Ra4 Kd7 35. Ke3 Kc7 36. Kd4 Be6 37. g4 g6 38. Rf2 Bd5 39. f5 g5 40. Re2 Kd7
41. Kc3 Ke7 42. Rb4 Rb5 43. a4 Rc5+ 44. Kd4 Ra5 45. Rb7+ Ke8 46. Ra7 Rxa4+ 47.
Kc5 Kf8 48. f6 1-0